Fundamental legal conceptions as applied in judicial reasoning
Uloženo v:
| Hlavní autor: | |
|---|---|
| Médium: | Kniha |
| Jazyk: | angličtina |
| Vydáno: |
Clark
Lawbook Exchange
2000
|
| Vydání: | 1a. ed |
| Témata: | |
| Tagy: |
Přidat tag
Žádné tagy, Buďte první, kdo vytvoří štítek k tomuto záznamu!
|
MARC
| LEADER | 00000nam a2200000 a 4500 | ||
|---|---|---|---|
| 001 | UCJ9273 | ||
| 003 | CL-VaPUC | ||
| 008 | 070309e20000000us |||||||||||||||||eng|d | ||
| 020 | |a 1584771623 | ||
| 082 | 0 | 4 | |a 340.1 |b HOH |2 21 |
| 100 | |a Hohfeld, Wesley Newcomb |e author |9 519226 | ||
| 245 | 1 | 0 | |a Fundamental legal conceptions as applied in judicial reasoning |
| 250 | |a 1a. ed | ||
| 300 | |a 114 p | ||
| 942 | |c BK | ||
| 945 | |d 20070309 00:00:00 |a lvergara | ||
| 260 | |a Clark |b Lawbook Exchange |c 2000 | ||
| 650 | 0 | |a Filosofía del derecho |9 255050 | |
| 650 | 0 | |a Lenguaje jurídico |9 255988 | |
| 650 | 0 | |a Metodología |9 256610 | |
| 583 | |a last modification |c 20171218 12:46:50 |k Rodrigo Vera | ||
| 999 | |c 324851 |d 324849 | ||
| 952 | |0 0 |1 0 |4 0 |6 340_100000000000000_HOH_2000 |7 0 |8 A |9 405227 |a BIBDER |b BIBDER |d 2019-11-22 |i 4286863 |l 1 |o 340.1 HOH 2000 |p 4286863 |r 2023-01-25 |s 2020-03-13 |w 2019-11-22 |y BK |k DER | ||